00601 2200217 4500001002100000005001500021035002000036007000300056008004100059020002200100082001000122084001600132100002200148245007300170260004500243300004700288650001300335650000700348700000800355990002000363INLIS00000000000306820260603074545 a0010-0626000019ta260603 g 0 ind  a978-634-01-0743-2 a006.3 a006.3 BUD p0 aBudiharto, Widodo1 aPemanfaatan ChatGPT dan Tools AI Untuk Mendukung Studi dan Pekerjaan aYogyakarta :bPenerbit Deepublish,c2025 axviii + 235 hlm. :bilus. ;c17.5 x 25 cm. 4aKomputer 4aAI0 adkk a20260612.06.003